000 04032nab a2200277 i 4500
003 BR-BrBNA
005 20240415150711.0
008 240415b2019 bl.qr|pooa||| 00| 0 por |
040 _aBR-BrBNA
_bpor
072 _aK10
100 _aLonghi-Santos, Tomaz
100 _aGalvão, Franklin
100 _aBotosso, Paulo Cesar
100 _aMartins, Kelly Geronazzo
245 _aDendroecologia de Gymnanthes klotzschiana Müll. Arg. em um remanescente de Floresta Ombrófila Mista Aluvial no Sul do Brasil
500 _aPublicação on-line; Bibliography p. 1372-1375 (64 ref.); 1 table; 4 illus.; Summaries (En, Pt)
520 _a Resumo Em um remanescente de Floresta Ombrófila Mista Aluvial, foram abatidas 56 árvores adultas de Gymnanthes klotzschiana, árvore típica e representativa desta formação e popularmente conhecida como branquilho, às margens do rio Barigui, em Araucária - PR, o qual teve o curso de seu leito retificado na década de 1960. Considerando-se as técnicas e premissas básicas para estudos dendrocronológicos, os discos foram secos, polidos e os anéis de crescimento identificados e demarcados, para a construção de séries cronológicas e sua correlação com variáveis climáticas/ambientais. O presente trabalho tem por objetivo verificar se: (i) Gymnanthes klotzschiana apresenta características potenciais para estudos dendroecológicos; (ii) a espécie responde a estímulos ambientais e intervenções antrópicas; (iii) a estrutura etária das árvores estudadas é compatível com a ocorrência de distúrbios antrópicos na região. A análise dos resultados reforça a potencialidade da espécie em estudos dendroecológicos, considerando a sincronia dos dados e a sensibilidade às variáveis climáticas. Além disso, a idade máxima constatada das árvores analisadas é próxima ao final do ciclo de extração da madeira utilizada pelas embarcações a vapor nesta região, que preponderaram até meados da década de 1950. Palavras-chave: Anéis de crescimento; Respostas ambientais; Intervenções antrópicas; Planície de inundação
520 _a Abstract In a remnant area of Alluvial Ombrophylous Forest, 56 adult trees of Gymnanthes klotzschiana, a typical and representative tree of this formation and popularly known as “branquilhos”, were slaughtered on the banks of the Barigui River, in Araucária, PR state, which the watercourse was rectified in the 1960s. Following the techniques for dendrochronological studies, the discs were dried, polished and the growth rings identified and marked, for the construction of chronological series and their correlation with climatic/environmental variables. This study aims to verify, if (i) Gymnanthes klotzschiana presents potential characteristics for dendroecological studies; (ii) the species responds to environmental stimuli and anthropogenic disturbances (iii) the age structure of the studied trees is compatible with environmental disturbances, documented for the region. The analysis of the results reinforces the potentiality of the species in dendroecological studies, considering the synchrony of the data and the sensitivity to the climatic variables. In addition, the maximum tree age corresponds to the end of the harvest intervention in this region, which prevailed until the middle of 1950s. Keywords: Tree rings; Environmental responses; Anthropogenic disturbances; Floodplain
650 _aDENDROLOGIA
650 _aÁRVORE
650 _aMADEIRA
773 0 _04065
_9314151
_dSanta Maria-RS Universidade Federal de Santa Maria - Centro de Pesquisas Florestais.Departamento de Ciências Florestais. Programa de Pós-Graduação em Engenharia Florestal 1991
_o2024-0405
_tCiência Florestal (Brazil)
_x0103-9954; 1980-5098 (on-line)
_gv. 29(3) p. 1363-1375; (Jul-Sep 2019)
_wBR2023001686
856 _uhttps://www.scielo.br/j/cflo/a/vZNXN45DkkR9yWXYzBr7xPD/?format=pdf&lang=pt
942 _cAnalítica
999 _c299184
_d299184